Statystyki dla Postać z Lola po przydomku

Kliknij tutaj aby rozwiązać quiz!

Ogólne statystyki

  • Ten quiz został rozwiązany 489 razy
  • Średni wynik to 13 z 19

Statystyki odpowiedzi

PrzydomekPostać% Poprawnych
Lisica o Dziewięciu OgonachAhri
91%
MinotaurAlistar
87%
Chyży Zwiadowca (tępy grzybiarz)Teemo
86%
Rozmarzona PiosenkarkaSeraphine
85%
Oko PustkiVel'koz
85%
Szeryf PiltoverCaitlyn
80%
Wielbiony WynalazcaHeimerdinger
79%
Wielki Generał NoxusuSwain
79%
Ciekawski KameleonNeeko
78%
Zielony OjciecIvern
76%
Dumna KanonierkaTristana
75%
Prastary StrachFiddlesticks
70%
Serce FreljorduBraum
65%
Niezniszczalna WłóczniaPantheon
64%
Gwiezdne DzieckoSoraka
55%
OszustkaLeBlanc
46%
Zmechanizowany ZabijakaRumble
45%
BuntowniczkaXayah
27%
Wiecznie ŻywyYone
26%

Rozkład punktacji

Percentyl według liczby udzielonych odpowiedzi

Procent ludzi z każdym wynikiem

Twoja historia wyników

Nie rozwiązałeś tego quizu